பவித்ரா வன்னியாரச்சி சகுர்த மன்றம் (கூட்டிணைத்தல்) : பவித்ரா வன்னியாரச்சி சகுர்த மன்றத்தைக் கூட்டிணைப்பதற்கானதொரு சட்டமூலம் .
Pavithra Vanniyarachchi sakuthau mantram (Koottinaiththal)
Saved in:
| Format: | Book |
|---|---|
| Language: | English |
| Published: |
கொழும்பு :
அரசாங்க வெளியீட்டலுவலகம்,
2022.
|
| Tags: |
Add Tag
No Tags, Be the first to tag this record!
|
MARC
| LEADER | 00000nam a2200000 4500 | ||
|---|---|---|---|
| 003 | LK-CoNLD | ||
| 005 | 20240112142100.0 | ||
| 008 | 160915b xxu||||| |||| 00| 0 eng d | ||
| 015 | |2 slnb |a 23 | ||
| 017 | |a 488267 |b LK-CoDNA | ||
| 040 | |a LK-CoNLD |b TAM |c LK-CoNLD |d LK-CoNLD | ||
| 082 | |2 23 |a 320 |q LK-CoNLD | ||
| 245 | |6 880-1 |a பவித்ரா வன்னியாரச்சி சகுர்த மன்றம் (கூட்டிணைத்தல்) : |b பவித்ரா வன்னியாரச்சி சகுர்த மன்றத்தைக் கூட்டிணைப்பதற்கானதொரு சட்டமூலம் . | ||
| 260 | |a கொழும்பு : |b அரசாங்க வெளியீட்டலுவலகம், |c 2022. | ||
| 300 | |a ப.8 ; | ||
| 500 | |a 2022 ஆம் ஆண்டு செத்தெம்பர் மாதம் 02 ஆம் திகதிய பகுதி II இற்குக் குறைநிரப்பி | ||
| 880 | |6 245-1 |a Pavithra Vanniyarachchi sakuthau mantram (Koottinaiththal) | ||
| 942 | |c PARLACT | ||
| 999 | |c 275743 |d 275743 | ||
| 945 | |a 22 |b Logeshwary RAMASAMY |c 22 |d Logeshwary RAMASAMY | ||